[Event "World Rapid 2015"]
[Site "Berlin GER"]
[Date "2015.10.10"]
[Round "2.41"]
[White "Munoz Pantoja, Miguel"]
[Black "Alekseev, Evgeny"]
[Result "0-1"]
[WhiteElo "2441"]
[BlackElo "2642"]
[PlyCount "148"]
[EventDate "2015.10.10"]
[EventType "rapid"]

1. e4 c5 2. g3 d5 3. exd5 Qxd5 4. Nf3 Nf6 5. Nc3 Qd8 6. d4 e6 7. Bf4 a6 8. dxc5
Qxd1+ 9. Rxd1 Bxc5 10. Bg2 Nbd7 11. O-O h6 12. Na4 Ba7 13. c4 Bb8 14. Bd2 Bc7
15. b3 Rb8 16. Bb4 b6 17. Nd4 Bb7 18. Rfe1 Kd8 19. Nc6+ Bxc6 20. Bxc6 Kc8 21.
f4 g6 22. Rd3 Rg8 23. Red1 Nc5 24. Nxc5 bxc5 25. Bc3 Rb6 26. Ba4 Ne8 27. Rd7
Rd6 28. R1xd6 Nxd6 29. Be5 Rd8 30. Re7 g5 31. Bc6 g4 32. Kf2 h5 33. Ke2 Bb8 34.
a3 a5 35. Bxd6 Rxd6 36. Bb5 f5 37. Rh7 Bc7 38. Rxh5 Bd8 39. Rh6 Kc7 40. Rh7+
Kc8 41. Rf7 Bb6 42. Rh7 Bd8 43. h4 gxh3 44. Rxh3 Bf6 45. Rh6 Bb2 46. a4 Bc3 47.
Rg6 Kd8 48. Kf3 Ke7 49. Rh6 Rd3+ 50. Kg2 Be1 51. Rh7+ Kf8 52. Rh3 Rxb3 53. g4
Rb2+ 54. Kf1 fxg4 55. Re3 Bh4 56. Rxe6 Rf2+ 57. Kg1 Rxf4 58. Bd7 Rxc4 59. Ra6
Be1 60. Kf1 Bc3 61. Rg6 Rd4 62. Bb5 Kf7 63. Rc6 Bb4 64. Kg2 Ke7 65. Kg3 Be1+
66. Kg2 Rd2+ 67. Kf1 Bf2 68. Ra6 g3 69. Bc6 Bd4 70. Ra7+ Kd6 71. Ra6 Ke5 72.
Ra8 Rf2+ 73. Ke1 Bc3+ 74. Kd1 g2 0-1

[Event "World Rapid 2015"]
[Site "Berlin GER"]
[Date "2015.10.10"]
[Round "2.42"]
[White "Kravtsiv, Martyn"]
[Black "Akopian, Vladimir"]
[Result "1/2-1/2"]
[WhiteElo "2621"]
[BlackElo "2648"]
[PlyCount "89"]
[EventDate "2015.10.10"]
[EventType "rapid"]

1. e4 c5 2. Nf3 Nc6 3. d4 cxd4 4. Nxd4 Qb6 5. Nb3 Nf6 6. Nc3 e6 7. Bd3 Be7 8.
Be3 Qc7 9. f4 d6 10. Qf3 a6 11. g4 b5 12. g5 Nd7 13. O-O-O Bb7 14. Kb1 Nb4 15.
Qh3 Nxd3 16. cxd3 Nc5 17. Nxc5 dxc5 18. g6 fxg6 19. Qxe6 Rd8 20. Rhg1 Qc6 21.
Qb3 Rxd3 22. Rxd3 c4 23. Qd1 cxd3 24. Qxd3 Qd7 25. Rd1 Qxd3+ 26. Rxd3 Rf8 27.
a3 Rf7 28. Nd5 Bd8 29. Kc2 Rd7 30. Kc3 Kf7 31. Bc5 Bc6 32. Rd4 Ke6 33. Nb4 Rxd4
34. Kxd4 Bb7 35. Kd3 Bc7 36. Be3 g5 37. f5+ Kf7 38. Bxg5 Bxh2 39. Kd4 g6 40.
Nd3 gxf5 41. exf5 h5 42. Ne5+ Bxe5+ 43. Kxe5 a5 44. Bd8 a4 45. Bh4 1/2-1/2

[Event "World Rapid 2015"]
[Site "Berlin GER"]
[Date "2015.10.10"]
[Round "2.43"]
[White "Fedoseev, Vladimir3"]
[Black "Handke, Florian"]
[Result "1/2-1/2"]
[WhiteElo "2659"]
[BlackElo "2531"]
[PlyCount "103"]
[EventDate "2015.10.10"]
[EventType "rapid"]

1. e4 c5 2. Nf3 Nc6 3. Bb5 Nf6 4. Bxc6 bxc6 5. e5 Nd5 6. O-O g6 7. c4 Nc7 8. d4
cxd4 9. Qxd4 Bg7 10. Nc3 O-O 11. Qh4 f6 12. exf6 exf6 13. Rd1 d5 14. cxd5 Nxd5
15. Bh6 Bxh6 16. Qxh6 Bg4 17. Rd3 Bxf3 18. Rxf3 Nxc3 19. Rxc3 Qd5 20. Qc1 Rac8
21. Qe3 Rfe8 22. Qxa7 Ra8 23. Qb7 Rxa2 24. Rf1 Qb5 25. Qxb5 cxb5 26. Rb3 Re5
27. g3 g5 28. Rd1 Kf7 29. Kg2 Kg6 30. Rd6 g4 31. h3 h5 32. hxg4 hxg4 33. Rb6
Ra5 34. Rb4 Kg5 35. Rf4 Rf5 36. Rxf5+ Kxf5 37. b4 Ra4 38. Rxb5+ Ke4 39. Rb8 Kf5
40. b5 Rb4 41. b6 Kg6 42. b7 Kf5 43. Kf1 Rb1+ 44. Ke2 Rb2+ 45. Kd3 Rb3+ 46. Kc4
Rb1 47. Kc5 Rb2 48. Kd6 Rd2+ 49. Ke7 Re2+ 50. Kf7 Rb2 51. Kg7 Rb1 52. Kf7
1/2-1/2

[Event "World Rapid 2015"]
[Site "Berlin GER"]
[Date "2015.10.10"]
[Round "2.44"]
[White "Bartel, Mateusz"]
[Black "Bezold, Michael"]
[Result "1/2-1/2"]
[WhiteElo "2622"]
[BlackElo "2509"]
[PlyCount "70"]
[EventDate "2015.10.10"]
[EventType "rapid"]

1. e4 g6 2. d4 Bg7 3. Nf3 d6 4. Bc4 e6 5. Bb3 a6 6. Bg5 Ne7 7. Qd2 h6 8. Be3
Nd7 9. Nc3 b6 10. Ng1 Bb7 11. Nge2 b5 12. f3 c5 13. a4 b4 14. Nd1 Qc7 15. Nf2
c4 16. Ba2 a5 17. c3 b3 18. Bb1 O-O-O 19. O-O Kb8 20. f4 f5 21. Ng3 d5 22. e5
Nb6 23. Ngh1 Nec8 24. g4 h5 25. gxf5 gxf5 26. Nh3 Rdg8 27. Ng5 Bf8 28. h4 Ne7
29. Ng3 Qc6 30. Kf2 Bc8 31. Nf7 Rh7 32. Ng5 Rh6 33. Nf7 Rh7 34. Ng5 Rh6 35. Nf7
Rh7 1/2-1/2

[Event "World Rapid 2015"]
[Site "Berlin GER"]
[Date "2015.10.10"]
[Round "2.45"]
[White "Kovalev, Vladislav"]
[Black "Kunin, Vitaly"]
[Result "1-0"]
[WhiteElo "2546"]
[BlackElo "2556"]
[PlyCount "77"]
[EventDate "2015.10.10"]
[EventType "rapid"]

1. d4 d5 2. Nc3 e6 3. Bf4 Bd6 4. e3 Nf6 5. Nf3 b6 6. Ne5 O-O 7. a4 a5 8. Bd3
Ba6 9. Nb5 Bb4+ 10. c3 Be7 11. g4 c6 12. g5 Ne4 13. f3 cxb5 14. fxe4 bxa4 15.
Bc2 Bxg5 16. Qg4 Bxf4 17. exf4 dxe4 18. Rg1 g6 19. Bxe4 Ra7 20. O-O-O f5 21.
Qh3 Rg7 22. Bb1 Qd5 23. Qe3 a3 24. bxa3 Qb3 25. Bc2 Qxa3+ 26. Kd2 Qd6 27. h4
Nc6 28. h5 Nxe5 29. fxe5 Qe7 30. hxg6 hxg6 31. Qh6 Kf7 32. Bb3 Qd8 33. Bxe6+
Kxe6 34. Qxg7 Kd5 35. Rxg6 Kc4 36. Rc6+ Kb5 37. Rd6 Qa8 38. Qd7+ Kc4 39. Qa4#
1-0

[Event "World Rapid 2015"]
[Site "Berlin GER"]
[Date "2015.10.10"]
[Round "2.46"]
[White "Van Wely, Loek"]
[Black "Hirneise, Tobias"]
[Result "0-1"]
[WhiteElo "2632"]
[BlackElo "2457"]
[PlyCount "88"]
[EventDate "2015.10.10"]
[EventType "rapid"]

1. d4 Nf6 2. c4 e6 3. Nf3 b6 4. a3 c6 5. Nc3 d5 6. Bg5 Be7 7. Bxf6 Bxf6 8. e4
O-O 9. e5 Be7 10. cxd5 cxd5 11. Bd3 Ba6 12. Bxa6 Nxa6 13. O-O Qd7 14. h4 Rac8
15. Qd3 Nb8 16. g3 Nc6 17. b4 a5 18. b5 Na7 19. a4 Rc4 20. Nd2 Rc7 21. Ne2 Bb4
22. Nf3 Be7 23. Kg2 Rfc8 24. Ng5 g6 25. Ra2 Rc4 26. Nf3 Qc7 27. Ne1 Rb4 28. Nc2
Rxa4 29. Rxa4 Qxc2 30. Qxc2 Rxc2 31. Nf4 Nxb5 32. Re1 Bb4 33. Re2 Nxd4 34. Rxc2
Nxc2 35. Ra2 Nd4 36. Nd3 Be7 37. Ra1 Kf8 38. Rc1 a4 39. Rc8+ Kg7 40. Rc7 Bf8
41. Ra7 b5 42. g4 a3 43. Nc1 b4 44. Rb7 b3 0-1

[Event "World Rapid 2015"]
[Site "Berlin GER"]
[Date "2015.10.10"]
[Round "2.47"]
[White "Dreev, Aleksey"]
[Black "Polzin, Rainer"]
[Result "1-0"]
[WhiteElo "2644"]
[BlackElo "2416"]
[PlyCount "75"]
[EventDate "2015.10.10"]
[EventType "rapid"]

1. d4 Nf6 2. c4 g6 3. Nc3 Bg7 4. e4 d6 5. f3 O-O 6. Nge2 c5 7. Be3 Nc6 8. d5
Ne5 9. Ng3 e6 10. Be2 exd5 11. cxd5 a6 12. a4 h5 13. O-O Nh7 14. Qd2 h4 15. Nh1
f5 16. Nf2 Bd7 17. Kh1 Rc8 18. exf5 gxf5 19. Nh3 Ng6 20. f4 Qa5 21. Bf2 Nf6 22.
Ng5 Rfe8 23. Ne6 Bxe6 24. dxe6 d5 25. Qc2 d4 26. Be1 h3 27. Bc4 Ne7 28. Nd5 Qd8
29. Nxf6+ Bxf6 30. gxh3 Qc7 31. Rg1+ Kf8 32. Qe2 Qc6+ 33. Rg2 Ng8 34. Qh5 Rc7
35. Qxf5 Rg7 36. Bd5 Qd6 37. Rxg7 Kxg7 38. Bh4 1-0

[Event "World Rapid 2015"]
[Site "Berlin GER"]
[Date "2015.10.10"]
[Round "2.48"]
[White "Stefansson, Hannes"]
[Black "Rublevsky, Sergei"]
[Result "1/2-1/2"]
[WhiteElo "2602"]
[BlackElo "2702"]
[PlyCount "229"]
[EventDate "2015.10.10"]
[EventType "rapid"]

1. d4 d5 2. c4 c6 3. Nf3 Nf6 4. Nc3 dxc4 5. a4 e6 6. e3 c5 7. Bxc4 cxd4 8. exd4
Nc6 9. O-O Be7 10. Bg5 O-O 11. Re1 Bd7 12. Qd2 Rc8 13. d5 Nxd5 14. Nxd5 Bxg5
15. Nxg5 exd5 16. Bxd5 Bf5 17. Rad1 Qf6 18. Qf4 Bc2 19. Qxf6 gxf6 20. Nxf7 Rxf7
21. Bxf7+ Kxf7 22. Rd7+ Kg6 23. Rxb7 a5 24. h3 Ne5 25. Re3 Bxa4 26. Rg3+ Kh6
27. Rgg7 Bc2 28. f4 Nc4 29. Rgf7 Rc6 30. g4 Rd6 31. Kf2 Bg6 32. Rxf6 Rxf6 33.
g5+ Kh5 34. gxf6 Kh6 35. b3 Nd6 36. Rb6 Nf5 37. Rb7 Nd6 38. Ra7 Bc2 39. Ra6 Nf7
40. Rb6 Kg6 41. Ke3 a4 42. bxa4 Bxa4 43. Kf3 Bc2 44. Kg4 Bf5+ 45. Kg3 Nd8 46.
Ra6 Ne6 47. f7 Kxf7 48. Ra5 Kf6 49. Ra6 Bd3 50. Rd6 Be4 51. Ra6 Bf5 52. Rb6 Kg6
53. Ra6 Kh5 54. Ra5 Ng7 55. Rb5 Kg6 56. Rb6+ Be6 57. Ra6 Nf5+ 58. Kf2 Kf6 59.
Ra7 h5 60. Ra5 h4 61. Ra8 Ne7 62. Ra6 Kf5 63. Kf3 Bd5+ 64. Ke3 Bc6 65. Ra5+ Kf6
66. Rh5 Bd7 67. Kf2 Ng6 68. Kg1 Bxh3 69. Kh2 Bf5 70. Rh7 Bg4 71. Kg1 Kf5 72.
Rf7+ Ke4 73. Rg7 Bf5 74. Kh2 Kxf4 75. Ra7 Ne5 76. Ra4+ Kg5 77. Ra3 Nd3 78. Ra5
Kg4 79. Ra4+ Nf4 80. Ra8 Ng6 81. Ra4+ Kg5 82. Ra5 Ne7 83. Rc5 Nc8 84. Ra5 Nd6
85. Rd5 Ne4 86. Ra5 Nd2 87. Rd5 Nf1+ 88. Kg1 Ne3 89. Rd4 h3 90. Ra4 Ng4 91. Ra2
Kf4 92. Rb2 Bd3 93. Ra2 Kg3 94. Rg2+ Kf3 95. Ra2 Kg3 96. Rg2+ Kh4 97. Ra2 Be4
98. Re2 Bf3 99. Ra2 Kg5 100. Ra5+ Kf4 101. Ra4+ Be4 102. Ra2 Bd3 103. Rb2 Ke3
104. Ra2 Kd4 105. Rb2 Kc3 106. Ra2 Bc4 107. Ra5 Ne3 108. Kh2 Be6 109. Rh5 Nf1+
110. Kg1 Nd2 111. Kh2 Nf1+ 112. Kg1 Bg4 113. Rh4 Ne3 114. Kh2 Nf1+ 115. Kg1
1/2-1/2

[Event "World Rapid 2015"]
[Site "Berlin GER"]
[Date "2015.10.10"]
[Round "2.49"]
[White "Tari, Aryan"]
[Black "Andreikin, Dmitry"]
[Result "0-1"]
[WhiteElo "2521"]
[BlackElo "2720"]
[PlyCount "104"]
[EventDate "2015.10.10"]
[EventType "rapid"]

1. c4 e5 2. Nc3 Nc6 3. Nf3 g6 4. d4 exd4 5. Nxd4 Bg7 6. Nxc6 bxc6 7. e4 Rb8 8.
Bd3 c5 9. O-O Ne7 10. Qe2 d6 11. Be3 O-O 12. f4 f5 13. Rad1 Nc6 14. exf5 Nd4
15. Qf2 Bxf5 16. Bxf5 gxf5 17. Rd3 Re8 18. b3 Qd7 19. Kh1 Re6 20. Ne2 Nxe2 21.
Qxe2 Rbe8 22. Qf3 Qe7 23. Bg1 Re2 24. a4 Qe4 25. h3 Rb2 26. Re3 Qxf3 27. Rxe8+
Kf7 28. Rxf3 Kxe8 29. g4 Bd4 30. Bxd4 cxd4 31. Kg1 c5 32. Kf1 Kf7 33. Ke1 Ke6
34. Rg3 a5 35. Kf1 Rh2 36. Ke1 Kf6 37. Kf1 Kg6 38. Ke1 fxg4 39. hxg4 h5 40.
gxh5+ Kf5 41. Rg6 Kxf4 42. Re6 Kf5 43. Re8 Rxh5 44. Kd2 Rh2+ 45. Kd3 Rh3+ 46.
Kc2 Rc3+ 47. Kb2 Re3 48. Ra8 Re2+ 49. Kc1 Ke4 50. Rxa5 Kd3 51. Ra6 Kc3 52. Kd1
Ra2 0-1

[Event "World Rapid 2015"]
[Site "Berlin GER"]
[Date "2015.10.10"]
[Round "2.50"]
[White "Sethuraman, S.P."]
[Black "Guseinov, Gadir"]
[Result "0-1"]
[WhiteElo "2640"]
[BlackElo "2634"]
[PlyCount "112"]
[EventDate "2015.10.10"]
[EventType "rapid"]

1. d4 Nf6 2. c4 g6 3. f3 Bg7 4. e4 d6 5. Ne2 O-O 6. Be3 Nc6 7. Nbc3 a6 8. Qd2
Bd7 9. Rb1 b5 10. cxb5 axb5 11. b4 Qb8 12. d5 Ne5 13. Nd4 c6 14. dxc6 Nxc6 15.
Ndxb5 Rc8 16. Be2 Ne5 17. Nd4 Ra3 18. Ncb5 Ra4 19. O-O Nc4 20. Bxc4 Rxc4 21.
Nc3 Raxb4 22. a3 Rxb1 23. Rxb1 Qc8 24. Nce2 h5 25. Rc1 Kh7 26. Rxc4 Qxc4 27.
Qc3 Qa6 28. Kf2 Ba4 29. Qb4 Nd7 30. Nb3 Ne5 31. Nbc1 Bf6 32. Bd2 Nc4 33. Ke1
Bd7 34. Bc3 Nxa3 35. Qa5 Bxc3+ 36. Qxc3 Nc4 37. Nd3 Bb5 38. Nd4 e5 39. Nxb5
Qxb5 40. Nc1 Qc5 41. Ne2 h4 42. g3 h3 43. Qd3 Ne3 44. Qc3 Qb6 45. Nc1 d5 46.
Ke2 d4 47. Qb3 Qa6+ 48. Nd3 Kg7 49. Kf2 Qa1 50. Ne1 Qc1 51. Qd3 Nd1+ 52. Ke2
Nc3+ 53. Kf2 Qb2+ 54. Nc2 Na2 55. Kf1 Nc1 56. Qd1 d3 0-1

[Event "World Rapid 2015"]
[Site "Berlin GER"]
[Date "2015.10.10"]
[Round "2.51"]
[White "Iturrizaga Bonelli, Eduardo"]
[Black "Svane, Rasmus"]
[Result "0-1"]
[WhiteElo "2641"]
[BlackElo "2543"]
[PlyCount "126"]
[EventDate "2015.10.10"]
[EventType "rapid"]

1. Nf3 d5 2. c4 c6 3. e3 Nf6 4. Nc3 e6 5. Qc2 a6 6. d4 c5 7. cxd5 exd5 8. dxc5
Bxc5 9. a3 O-O 10. Be2 Nc6 11. O-O Be6 12. Rd1 Qe7 13. b4 Ba7 14. Bb2 Rfd8 15.
b5 axb5 16. Nxb5 Bb6 17. Ng5 h6 18. Bxf6 Qxf6 19. Qh7+ Kf8 20. Nxe6+ fxe6 21.
Rab1 Ne7 22. Nd4 Bxd4 23. Rxd4 e5 24. Rdb4 Qf5 25. Qxf5+ Nxf5 26. Bg4 Nd6 27.
Be6 Rxa3 28. Bxd5 Rd3 29. Bf3 e4 30. Bh5 Rc8 31. Bg6 Rdc3 32. g4 R3c4 33. Kg2
Ke7 34. Rb6 R8c6 35. h4 Kf6 36. Bh7 Rxb6 37. Rxb6 Ke5 38. Kg3 Rc6 39. Rb1 b5
40. Rd1 Rc8 41. Rd4 Rh8 42. Bg6 Rb8 43. f4+ exf3 44. Kxf3 b4 45. Bb1 b3 46. Ke2
Nb5 47. Re4+ Kf6 48. Rf4+ Ke7 49. Kd3 Rd8+ 50. Kc4 Na3+ 51. Kxb3 Nxb1 52. Kc2
Na3+ 53. Kc3 Nb5+ 54. Kc4 Nd6+ 55. Kd5 Ra8 56. Rb4 Ra5+ 57. Kd4 Ke6 58. e4 Ra1
59. Ke3 Rg1 60. Kf4 Rf1+ 61. Ke3 g5 62. hxg5 hxg5 63. Rb5 Nxb5 0-1

[Event "World Rapid 2015"]
[Site "Berlin GER"]
[Date "2015.10.10"]
[Round "2.52"]
[White "Savchenko, Boris"]
[Black "Hausrath, Daniel"]
[Result "1/2-1/2"]
[WhiteElo "2567"]
[BlackElo "2503"]
[PlyCount "131"]
[EventDate "2015.10.10"]
[EventType "rapid"]

1. e4 c5 2. Nf3 Nc6 3. d4 cxd4 4. Nxd4 g6 5. c4 Bg7 6. Be3 Nf6 7. Nc3 O-O 8.
Be2 d6 9. O-O Bd7 10. Qd2 a5 11. f3 a4 12. Ndb5 Qa5 13. Rfd1 Rfc8 14. Na3 Be6
15. Nd5 Qxd2 16. Rxd2 Nd7 17. Rad1 Ra5 18. h3 Nc5 19. Kf2 f5 20. exf5 Bxf5 21.
Nb5 Be6 22. Rb1 Bxd5 23. cxd5 Nb4 24. a3 Nbd3+ 25. Rxd3 Rxb5 26. Rd2 Rb3 27.
Bd4 Bh6 28. Rdd1 Nd7 29. Bc3 Nb6 30. Rd3 Nxd5 31. Bd1 Rb5 32. Bxa4 Nxc3 33.
Rxc3 Rxc3 34. Bxb5 Rc2+ 35. Kf1 Be3 36. Be2 d5 37. a4 b6 38. b4 Ra2 39. Rb3 Bd4
40. Rd3 e5 41. Bd1 Rf2+ 42. Ke1 Rxg2 43. Bb3 Kg7 44. Bxd5 Rb2 45. Bb3 Kf6 46.
Kd1 Rb1+ 47. Kc2 Rb2+ 48. Kc1 Rh2 49. a5 bxa5 50. bxa5 Rh1+ 51. Bd1 Rxh3 52. a6
Rh2 53. Ra3 Bb2+ 54. Kb1 Bxa3 55. a7 Rb2+ 56. Ka1 Bc5 57. a8=Q Bd4 58. Qd8+ Kf5
59. Qd7+ Kf4 60. Qg4+ Ke3 61. Qe4+ Kd2 62. Ba4 Rc2+ 63. Kb1 Rb2+ 64. Ka1 Rc2+
65. Kb1 Rb2+ 66. Ka1 1/2-1/2

[Event "World Rapid 2015"]
[Site "Berlin GER"]
[Date "2015.10.10"]
[Round "2.53"]
[White "Hasangatin, Ramil"]
[Black "Moiseenko, Alexander"]
[Result "0-1"]
[WhiteElo "2509"]
[BlackElo "2692"]
[PlyCount "106"]
[EventDate "2015.10.10"]
[EventType "rapid"]

1. e4 c5 2. Nf3 Nc6 3. Bb5 d6 4. d4 cxd4 5. Qxd4 a6 6. Bxc6+ bxc6 7. O-O e5 8.
Qd3 Be7 9. c4 Qc7 10. Nc3 Nf6 11. Bg5 O-O 12. Rfd1 Rd8 13. Rac1 h6 14. Bh4 Bg4
15. h3 Bh5 16. b3 Nh7 17. Bxe7 Qxe7 18. Re1 Nf8 19. Nd2 Ne6 20. Nf1 Nf4 21. Qe3
Qg5 22. Qg3 Qf6 23. Ne3 Kh7 24. Rc2 Re8 25. Rd2 Re6 26. f3 Qd8 27. Kh2 Qa5 28.
Rc1 Rf8 29. Qf2 Bg6 30. g3 Nh5 31. Rcc2 Kh8 32. Ne2 Bh7 33. Rd1 Nf6 34. Nc3 Ne8
35. Kg2 g6 36. Qd2 f5 37. Qd3 f4 38. gxf4 exf4 39. Qd4+ Ng7 40. Nf1 Ref6 41.
Kh2 Qh5 42. Qf2 Ne6 43. Ne2 Ng5 44. Ng1 Nxe4 45. Qg2 g5 46. Rcc1 Nc5 47. Rd2
Re8 48. Rcd1 Qg6 49. Qf2 Rfe6 50. b4 Nd7 51. a4 Ne5 52. b5 c5 53. Rc2 Qxc2 0-1

[Event "World Rapid 2015"]
[Site "Berlin GER"]
[Date "2015.10.10"]
[Round "2.54"]
[White "Zvjaginsev, Vadim"]
[Black "Schneider, Ilja"]
[Result "1-0"]
[WhiteElo "2660"]
[BlackElo "2481"]
[PlyCount "66"]
[EventDate "2015.10.10"]
[EventType "rapid"]

1. e4 Nc6 2. Nf3 f5 3. exf5 d5 4. Nh4 Nh6 5. Qh5+ g6 6. fxg6 hxg6 7. Qxg6+ Nf7
8. Nf3 Rh6 9. Qg3 Bf5 10. Na3 e5 11. d3 Rg6 12. Qh4 Qd7 13. Qh5 Rg8 14. Ng5 Bg6
15. Qd1 O-O-O 16. g3 Bc5 17. h4 Rdf8 18. Nh3 Nd6 19. Bh6 Rf7 20. Qd2 Bh5 21.
Bg2 Nf5 22. Bg5 Nxg3 23. Rh2 Nf5 24. f3 Ncd4 25. O-O-O Bxf3 26. c3 Bxd1 27.
cxd4 Bxa3 28. bxa3 Ba4 29. dxe5 Nd4 30. Nf4 Rxf4 31. Bxf4 Qc6+ 32. Kb2 a5 33.
Bh3+ Kb8 1-0

[Event "World Rapid 2015"]
[Site "Berlin GER"]
[Date "2015.10.10"]
[Round "2.55"]
[White "Sanal, Vahap"]
[Black "Ganguly, Surya Shekhar"]
[Result "0-1"]
[WhiteElo "2501"]
[BlackElo "2652"]
[PlyCount "46"]
[EventDate "2015.10.10"]
[EventType "rapid"]

1. e4 e6 2. d4 d5 3. Nd2 c5 4. exd5 Qxd5 5. dxc5 Nf6 6. Ngf3 Qxc5 7. Bd3 Nbd7
8. O-O Qc7 9. Qe2 Nc5 10. Bc4 Bd6 11. a4 O-O 12. a5 e5 13. b4 Ne6 14. Bb2 Nf4
15. Qe3 Ng6 16. b5 Bf5 17. b6 axb6 18. axb6 Qc6 19. Rxa8 Rxa8 20. Qb3 Rf8 21.
Bb5 Qc5 22. Nc4 Be6 23. Qa3 Qxc4 0-1

[Event "World Rapid 2015"]
[Site "Berlin GER"]
[Date "2015.10.10"]
[Round "2.58"]
[White "Petursson, Margeir"]
[Black "Borisek, Jure"]
[Result "0-1"]
[WhiteElo "2520"]
[BlackElo "2565"]
[PlyCount "48"]
[EventDate "2015.10.10"]
[EventType "rapid"]

1. c4 g6 2. d4 Nf6 3. Nc3 d5 4. Nf3 Bg7 5. cxd5 Nxd5 6. e4 Nxc3 7. bxc3 c5 8.
h3 O-O 9. Be3 Qa5 10. Qd2 Nc6 11. Rc1 cxd4 12. cxd4 Qxd2+ 13. Kxd2 Rd8 14. Rc4
Nxd4 15. Bxd4 e5 16. Rc7 exd4 17. Bc4 Rd7 18. Rc5 Re7 19. Bd5 Be6 20. Bxe6 Rxe6
21. Rc7 Ra6 22. Rc2 Ra3 23. e5 Bh6+ 24. Kd1 d3 0-1

[Event "World Rapid 2015"]
[Site "Berlin GER"]
[Date "2015.10.10"]
[Round "2.60"]
[White "Maze, Sebastien"]
[Black "Krnan, Tomas"]
[Result "1-0"]
[WhiteElo "2582"]
[BlackElo "2440"]
[PlyCount "91"]
[EventDate "2015.10.10"]
[EventType "rapid"]

1. e4 e5 2. Nf3 Nc6 3. Bb5 a6 4. Ba4 Nf6 5. d3 b5 6. Bb3 Bc5 7. a4 Rb8 8. axb5
axb5 9. O-O d6 10. h3 h6 11. c3 O-O 12. Re1 Bb6 13. Nbd2 Ne7 14. Nf1 Ng6 15.
Ng3 c5 16. d4 Re8 17. d5 c4 18. Bc2 Bd7 19. Nh2 Ra8 20. Rxa8 Qxa8 21. Ng4 Qd8
22. Nf5 Nxg4 23. hxg4 Qf6 24. g3 Ne7 25. Kg2 Nxf5 26. gxf5 Ra8 27. Rh1 Bc5 28.
Qg4 Kf8 29. Bg5 hxg5 30. Rh8+ Ke7 31. Rxa8 Qh6 32. f3 f6 33. Qh3 Qxh3+ 34. Kxh3
Be8 35. b3 cxb3 36. Bxb3 Be3 37. c4 b4 38. Ba4 Bh5 39. g4 Bf7 40. Rb8 Bc5 41.
Rb7+ Kf8 42. Bd7 g6 43. Kg2 gxf5 44. exf5 Bg8 45. Be6 Bxe6 46. fxe6 1-0

[Event "World Rapid 2015"]
[Site "Berlin GER"]
[Date "2015.10.10"]
[Round "2.61"]
[White "Gutov, Andrey"]
[Black "Bocharov, Dmitry"]
[Result "0-1"]
[WhiteElo "2384"]
[BlackElo "2560"]
[PlyCount "52"]
[EventDate "2015.10.10"]
[EventType "rapid"]

1. d4 g6 2. e4 Bg7 3. f4 c5 4. d5 d6 5. Bb5+ Nd7 6. a4 a6 7. Bd3 Ngf6 8. c4 e6
9. Nf3 exd5 10. cxd5 O-O 11. O-O c4 12. Bc2 Nc5 13. Nc3 Re8 14. Re1 Ng4 15. h3
Nb3 16. hxg4 Nxa1 17. f5 Bd7 18. Be3 Nxc2 19. Qxc2 b5 20. axb5 axb5 21. Nd4 b4
22. Nce2 Qh4 23. Rf1 Rac8 24. Nc6 Bxc6 25. dxc6 Rxc6 26. Nd4 Rcc8 0-1

[Event "World Rapid 2015"]
[Site "Berlin GER"]
[Date "2015.10.10"]
[Round "2.62"]
[White "Meister, Jakob"]
[Black "Jumabayev, Rinat"]
[Result "0-1"]
[WhiteElo "2437"]
[BlackElo "2606"]
[PlyCount "95"]
[EventDate "2015.10.10"]
[EventType "rapid"]

1. d4 Nf6 2. Bf4 g6 3. Nc3 Bg7 4. Qd2 h6 5. e4 d6 6. Be2 a6 7. O-O-O b5 8. Bf3
Ra7 9. e5 Nfd7 10. Qe3 Nb6 11. Nd5 Nc4 12. Qe2 e6 13. exd6 cxd6 14. Ne3 Nb6 15.
h4 Rc7 16. Qd2 Nc6 17. d5 Nd4 18. dxe6 Bxe6 19. Be4 Qf6 20. Kb1 Qxf4 21. Bd3
Qf6 22. c3 Nc6 23. Nf3 O-O 24. h5 g5 25. Bc2 Rd8 26. Nd4 Nxd4 27. cxd4 Rdc8 28.
Bb3 Bxb3 29. axb3 Qe6 30. Qd3 Rc3 31. d5 Rxd3 32. dxe6 Rxd1+ 33. Rxd1 Bf8 34.
exf7+ Kxf7 35. f4 gxf4 36. Rf1 Ke6 37. Rxf4 Nd7 38. Nc2 Bg7 39. Rg4 Kf7 40. Ne3
Rc5 41. Rf4+ Ke6 42. g4 Rg5 43. Rf5 Rxf5 44. Nxf5 Bf8 45. Kc2 Nf6 46. Ne3 d5
47. Kd3 Bc5 48. Ng2 0-1

[Event "World Rapid 2015"]
[Site "Berlin GER"]
[Date "2015.10.10"]
[Round "2.63"]
[White "Carow, Johannes"]
[Black "Vovk, Yuri"]
[Result "0-1"]
[WhiteElo "2431"]
[BlackElo "2617"]
[PlyCount "60"]
[EventDate "2015.10.10"]
[EventType "rapid"]

1. d4 Nf6 2. c4 e6 3. Nc3 Bb4 4. Qc2 O-O 5. a3 Bxc3+ 6. Qxc3 d5 7. Nf3 dxc4 8.
Qxc4 b6 9. Bg5 Ba6 10. Qa4 c5 11. Rd1 Qd7 12. Qxd7 Nbxd7 13. e3 Bxf1 14. Rxf1
Ne4 15. dxc5 Ndxc5 16. Be7 Rfc8 17. Bxc5 Rxc5 18. Nd2 Nf6 19. Ke2 Rc2 20. Rc1
Rxb2 21. Rb1 Rxb1 22. Rxb1 Rc8 23. a4 Nd5 24. Ra1 g5 25. Ne4 h6 26. a5 b5 27.
a6 Rc6 28. Ra5 f5 29. Nd2 Nc7 30. Nb3 Rxa6 0-1

[Event "World Rapid 2015"]
[Site "Berlin GER"]
[Date "2015.10.10"]
[Round "2.64"]
[White "Romanov, Evgeny"]
[Black "Thiede, Lars"]
[Result "1-0"]
[WhiteElo "2573"]
[BlackElo "2437"]
[PlyCount "117"]
[EventDate "2015.10.10"]
[EventType "rapid"]

1. d4 g6 2. e4 Bg7 3. Nf3 d6 4. Nc3 Nf6 5. Be2 O-O 6. O-O Nc6 7. d5 Nb8 8. h3
e5 9. dxe6 Bxe6 10. Nd4 Bd7 11. Bg5 h6 12. Bh4 Re8 13. Bd3 Nc6 14. Nxc6 Bxc6
15. Re1 Qd7 16. a4 a6 17. a5 Nh5 18. Qd2 g5 19. Qd1 Nf4 20. Bg3 Nxd3 21. Qxd3
Re6 22. f3 Rae8 23. Rad1 Be5 24. Bf2 Rg6 25. b3 h5 26. Ne2 Rf8 27. Bd4 Qe7 28.
c4 Qf6 29. b4 Re8 30. b5 Bd7 31. Nc3 g4 32. Bxe5 Rxe5 33. fxg4 hxg4 34. Nd5
Rxd5 35. exd5 gxh3 36. Rd2 Qg5 37. g3 axb5 38. cxb5 Bxb5 39. Qe3 Qxg3+ 40. Qxg3
Rxg3+ 41. Kh2 Rc3 42. Rg1+ Kf8 43. Rg3 Rxg3 44. Kxg3 Ke7 45. Rb2 Ba6 46. Kxh3
Kf6 47. Rf2+ Kg6 48. Rc2 Kf5 49. Rf2+ Kg6 50. Kg4 Bc4 51. Rd2 Kf6 52. Kf4 Ke7
53. Ke4 c6 54. dxc6 bxc6 55. Rb2 c5 56. Rb6 Kd7 57. a6 Kc7 58. a7 Bf1 59. Rb2
1-0

[Event "World Rapid 2015"]
[Site "Berlin GER"]
[Date "2015.10.10"]
[Round "2.65"]
[White "Breutigam, Martin"]
[Black "Agrest, Evgenij"]
[Result "1/2-1/2"]
[WhiteElo "2380"]
[BlackElo "2596"]
[PlyCount "56"]
[EventDate "2015.10.10"]
[EventType "rapid"]

1. Nf3 d5 2. c4 d4 3. b4 Bg4 4. Qb3 Nc6 5. b5 Na5 6. Qa4 Bxf3 7. exf3 b6 8. Bd3
Nf6 9. O-O e6 10. Re1 Be7 11. f4 g6 12. Bb2 Nb7 13. Qc2 Nc5 14. Bf1 Rc8 15. d3
c6 16. a4 O-O 17. Nd2 Nh5 18. g3 a6 19. bxc6 Rxc6 20. Nf3 Bf6 21. Bg2 Rc7 22.
Ba3 Re8 23. Reb1 Rc8 24. Bxc5 bxc5 25. a5 Rb8 26. Rxb8 Qxb8 27. Rb1 Qc8 28. Qa4
Ng7 1/2-1/2

[Event "World Rapid 2015"]
[Site "Berlin GER"]
[Date "2015.10.10"]
[Round "2.67"]
[White "Rasmussen, Allan Stig"]
[Black "Hilverda, Alexander"]
[Result "1-0"]
[WhiteElo "2498"]
[BlackElo "2384"]
[PlyCount "126"]
[EventDate "2015.10.10"]
[EventType "rapid"]

1. c4 e5 2. Nc3 Nf6 3. e3 Bb4 4. Nge2 O-O 5. a3 Be7 6. Ng3 c6 7. d4 exd4 8.
Qxd4 d5 9. Be2 Be6 10. cxd5 cxd5 11. O-O Nc6 12. Qa4 Qb6 13. Rd1 a6 14. b4 Ne5
15. Bb2 Nc4 16. Qb3 Nxb2 17. Qxb2 Rfd8 18. Rac1 Rac8 19. Na4 Qa7 20. Rxc8 Rxc8
21. Bf3 Rd8 22. Ne2 Ng4 23. Nf4 Bf6 24. Qe2 Ne5 25. Bxd5 Bg4 26. Bf3 Rxd1+ 27.
Qxd1 Bxf3 28. gxf3 g6 29. Nd5 Bd8 30. f4 Nc6 31. Qd3 Qb8 32. Nc5 Qc8 33. Nd7 h5
34. f5 Kh7 35. fxg6+ fxg6 36. Nf4 Ne7 37. Nf8+ Kg8 38. N8e6 Qc1+ 39. Kg2 Qc6+
40. f3 Bb6 41. Nd4 Qf6 42. Qe4 Bxd4 43. Qxd4 Qxd4 44. exd4 Kf7 45. Kf2 Nf5 46.
d5 Kf6 47. Nd3 b6 48. f4 Nd6 49. a4 Kf5 50. Ke3 Kg4 51. Nf2+ Kf5 52. Nd3 h4 53.
h3 Ne4 54. Kd4 g5 55. fxg5 Nxg5 56. Nf2 Kf4 57. d6 Nf7 58. Ne4 Kf3 59. d7 Kg2
60. Kd5 Nd8 61. Ng5 Kg3 62. Kd6 a5 63. bxa5 bxa5 1-0